| 000 | 00760cab a2200241 4500 | ||
|---|---|---|---|
| 001 | WB3446-54 | ||
| 008 | 090401t1998 xxu||||| |||| 00| 0 eng d | ||
| 035 | _a(Sirsi) u90034 | ||
| 041 | _aeng | ||
| 245 | _aElephant & Castle facelift | ||
| 260 | _c1998 | ||
| 350 | _a0 | ||
| 490 |
_aProperty Week _v63(31) 27 November 1998, 5(1) |
||
| 520 | _aLondon`s Elephant & Castle is expected to benefit from plans for a £500m regeneration scheme of the shopping centre and surrounding area, proposed by UK Land and Southwark BC. | ||
| 650 | _aELEPHANT AND CASTLE | ||
| 650 | _aSINGLE REGENERATION BUDGET | ||
| 650 | _aSOUTHWARK LBC | ||
| 650 | _aUK LAND | ||
| 650 | _aURBAN REGENERATION | ||
| 690 | _aURBAN RENEWAL | ||
| 942 | _n0 | ||
| 948 | _c01/12/1998 | ||
| 999 |
_c57013 _d57013 |
||